000 00492nam a2200181 i 4500
001 bgj
100 1 _aKLOS-SOKOL, Laura
245 0 _aSpeaking Volumes about Poles /
_cLaura Klos-Sokol.
260 _aWarszawa :
_bIPS Wydawnictwo,
_c1994.
300 _a87, [1] pp :
_bill. ;
_c21 cm.
650 9 _aInterpersonal relations
_xCommunication
020 _a8390087464
040 _cBPK
041 0 _aeng
920 _a83-900874-6-4
942 _cKS
008 s uk f |000 0 eng
999 _c48501
_d48501
856 _uhttp://koha.tu.koszalin.pl/cgi-bin/koha/opac-detail.pl?biblionumber=48501
_yKatalog online BPK